| 000 | 01761nam0a2200325 4500 | ||
|---|---|---|---|
| 001 | RU\NLR\BIBL_A\011448268 | ||
| 005 | 20260310095233.0 | ||
| 010 |
_a978-5-906821-79-9 _9100 |
||
| 021 |
_aRU _b2017-51269 _93677 |
||
| 035 | _a(NLR Aleph) 011448268 | ||
| 035 | _a(RuMoRGB)008936063 | ||
| 090 |
_a11739530 _c11739530 |
||
| 100 | _a20170803d2017 k y0rusy50 ca | ||
| 101 | 0 | _arus | |
| 102 | _aRU | ||
| 105 | _aa|||j|||000zy | ||
| 200 | 1 |
_aМикроэкономика _eучебно-методическое пособие _e[для студентов направлений подготовки 38.03.05 Бизнес-информатика] _fН. А. Симченко, Д. В. Линский _gМинистерство образования и науки Российской Федерации, ФГАОУ ВО "Крымский федеральный университет им. В. И. Вернадского", Институт экономики и управления, Кафедра экономической теории |
|
| 210 |
_aСимферополь _cДИАЙПИ _d2017 |
||
| 215 |
_a155 с. _cил. _d21 |
||
| 320 | _aБиблиогр.: с. 155 (20 назв.) | ||
| 606 | 1 |
_aМикроэкономика _jУчебные издания для высших учебных заведений _91617943 _3RU\NLR\AUTH\66713621 |
|
| 686 |
_aУ018.5,094я73-14 _2rubbk |
||
| 686 | 1 | _aУ010.4я73 | |
| 700 | 1 |
_aСимченко _bН. А. _cд-р экон. наук _gНаталия Александровна _92699916 _3RU\NLR\AUTH\770290778 |
|
| 701 | 1 |
_aЛинский _bД. В. _gДмитрий Викторович |
|
| 942 | _cUNSPEC | ||
| 980 | _aNBR | ||
| 980 | _aNB | ||